<?xml version="1.0" encoding="UTF-8"?><?xml-stylesheet type="text/xsl" href="static/style.xsl"?><OAI-PMH xmlns="http://www.openarchives.org/OAI/2.0/" xmlns:xsi="http://www.w3.org/2001/XMLSchema-instance" xsi:schemaLocation="http://www.openarchives.org/OAI/2.0/ http://www.openarchives.org/OAI/2.0/OAI-PMH.xsd"><responseDate>2026-04-17T02:16:22Z</responseDate><request verb="GetRecord" identifier="oai:www.recercat.cat:10459.1/84208" metadataPrefix="marc">https://recercat.cat/oai/request</request><GetRecord><record><header><identifier>oai:recercat.cat:10459.1/84208</identifier><datestamp>2024-12-05T21:38:35Z</datestamp><setSpec>com_2072_3622</setSpec><setSpec>col_2072_479130</setSpec></header><metadata><record xmlns="http://www.loc.gov/MARC21/slim" xmlns:dcterms="http://purl.org/dc/terms/" xmlns:xsi="http://www.w3.org/2001/XMLSchema-instance" xmlns:doc="http://www.lyncode.com/xoai" xsi:schemaLocation="http://www.loc.gov/MARC21/slim http://www.loc.gov/standards/marcxml/schema/MARC21slim.xsd">
   <leader>00925njm 22002777a 4500</leader>
   <datafield ind2=" " ind1=" " tag="042">
      <subfield code="a">dc</subfield>
   </datafield>
   <datafield ind2=" " ind1=" " tag="720">
      <subfield code="a">Abadias i Sero, Mª Isabel</subfield>
      <subfield code="e">author</subfield>
   </datafield>
   <datafield ind2=" " ind1=" " tag="720">
      <subfield code="a">Colás Medà, Pilar</subfield>
      <subfield code="e">author</subfield>
   </datafield>
   <datafield ind2=" " ind1=" " tag="720">
      <subfield code="a">Viñas Almenar, Inmaculada</subfield>
      <subfield code="e">author</subfield>
   </datafield>
   <datafield ind2=" " ind1=" " tag="720">
      <subfield code="a">Bobo, Gloria</subfield>
      <subfield code="e">author</subfield>
   </datafield>
   <datafield ind2=" " ind1=" " tag="720">
      <subfield code="a">Aguiló-Aguayo, Ingrid</subfield>
      <subfield code="e">author</subfield>
   </datafield>
   <datafield ind2=" " ind1=" " tag="260">
      <subfield code="c">2022-11-13T10:37:43Z</subfield>
   </datafield>
   <datafield ind2=" " ind1=" " tag="260">
      <subfield code="c">2022-11-13T10:37:43Z</subfield>
   </datafield>
   <datafield ind2=" " ind1=" " tag="260">
      <subfield code="c">2021</subfield>
   </datafield>
   <datafield ind2=" " ind1=" " tag="520">
      <subfield code="a">We aimed to study the efficacy of a water-assisted UVC light device (WUVC) as an innovative clean technology&#xd;
for the disinfection of fresh sound tomatoes and processing wash water and water turbidity was evaluated as a&#xd;
critical parameter. First, wash waters with different turbidities (from 0.4 to 828 NTU) were inoculated with&#xd;
Listeria innocua and treated in the WUVC device at different dosages. Secondly, fresh tomatoes, inoculated with&#xd;
L. innocua and non-inoculated ones, were treated using the WUVC device containing wash water of different&#xd;
turbidities for different times. The reduction of L. innocua populations on wash water and on the surface of&#xd;
tomato was influenced by turbidity; lower reduction values were observed at higher turbidities. Washing tomatoes&#xd;
with tap water with UVC lamps off (control treatment, TW) decreased L. innocua population on the&#xd;
surface of tomatoes but did not eliminate those bacteria that went into the water. Contrarily, when UVC lights&#xd;
were on, L. innocua population in wash water after treatment significantly decreased, those in clean water being&#xd;
the lowest populations. Reductions of native microbiota on the clean water treated with the highest UV-C radiation&#xd;
dose were lower than those obtained when tomatoes were artificially inoculated. We demonstrated that&#xd;
high reductions of L. innocua population on fresh tomatoes could be achieved using the WUVC system but some&#xd;
drawbacks related to the increase of turbidity should be solved for its implementation in real conditions.</subfield>
   </datafield>
   <datafield ind2=" " ind1=" " tag="520">
      <subfield code="a">The authors are grateful to TECALZIM Research Project (Mitigation Strategies to Reduce the Microbial Risks and Improve the Quality and Safety of Frozen and Ready-to-Eat Strawberries) which was funded by the Spanish Ministry of Economy, Industry, and Competitiveness (RTC- 2016-5498-2) and CERCA Programme (Generalitat de Catalunya) for its financial support. I. Aguil´o-Aguayo thanks the Spanish Ministry of Economy, Industry and Competitiveness and the European Social Fund for the Postdoctoral Senior Grant Ramon y Cajal (RYC-2016-19949). Thanks are also given to Marina Anguera for her technical assistance.</subfield>
   </datafield>
   <datafield ind1="8" ind2=" " tag="024">
      <subfield code="a">http://hdl.handle.net/10459.1/84208</subfield>
   </datafield>
   <datafield tag="653" ind2=" " ind1=" ">
      <subfield code="a">Water assisted UVC</subfield>
   </datafield>
   <datafield tag="653" ind2=" " ind1=" ">
      <subfield code="a">Listeria innocua</subfield>
   </datafield>
   <datafield tag="653" ind2=" " ind1=" ">
      <subfield code="a">Microbial load reduction</subfield>
   </datafield>
   <datafield tag="653" ind2=" " ind1=" ">
      <subfield code="a">Wash water quality</subfield>
   </datafield>
   <datafield tag="653" ind2=" " ind1=" ">
      <subfield code="a">Water turbidity</subfield>
   </datafield>
   <datafield ind2="0" ind1="0" tag="245">
      <subfield code="a">Application of an innovative water-assisted ultraviolet C light technology for the inactivation of microorganisms in tomato processing industries</subfield>
   </datafield>
</record></metadata></record></GetRecord></OAI-PMH>